[Event "RUS-ch rapid"]
[White "Glek, Igor Vladimirovich"]
[Black "Orlinkov, Maxim L"]
[Site "Sochi"]
[Round "2"]
[Result "1-0"]
[Date "2019.10.15"]
[WhiteElo "2467"]
[BlackElo "2297"]
[PlyCount "99"]
[EventDate "2019.10.15"]
[EventType "swiss"]
[EventRounds "11"]
[EventCountry "RUS"]
[SourceTitle "CBM 192 Extra"]
[Source "Chessbase"]
[SourceDate "2019.11.06"]
[SourceVersion "1"]
[SourceVersionDate "2019.11.06"]
[SourceQuality "1"]

1. e4 d5 2. exd5 Nf6 3. Nf3 Nxd5 4. d4 Bg4 5. Be2 e6 6. Ne5 Bxe2 7. Qxe2 Nd7 8. 0-0 Nxe5 9. dxe5 c6 10. Nd2 Qc7 11. Nf3 0-0-0 12. Rd1 h6 13. c4 Ne7 14. Rxd8+ Qxd8 15. Be3 Qa5 16. Bd2 Qc7 17. b4 g5 18. Qe4 Bg7 19. Bc3 Ng6 20. g3 Rd8 21. Re1 Qd7 22. Bd4 b6 23. b5 Kc7 24. a4 c5 25. Be3 Kb8 26. h4 gxh4 27. Nxh4 Qd3 28. Qg4 Rd7 29. Nxg6 Qxg6 30. Qxg6 fxg6 31. f4 Rd3 32. a5 Rc3 33. Kf2 Rxc4 34. Rd1 Kc7 35. Rd6 bxa5 36. Rxe6 a4 37. Rxg6 a3 38. Ra6 Rc2+ 39. Kf3 a2 40. Ke4 Kb7 41. Kd5 Rb2 42. Bxc5 Rd2+ 43. Ke6 Rc2 44. Bd4 Bf8 45. Rxa7+ Kb8 46. Ra4 h5 47. Kf7 Rd2 48. Kxf8 Rxd4 49. Rxa2 Rd3 50. e6 1-0

[Event "RUS-ch blitz"]
[White "Orlinkov, Maxim L"]
[Black "Ponkratov, Pavel"]
[Site "Sochi"]
[Round "2.10"]
[Result "0-1"]
[Date "2018.10.07"]
[WhiteElo "2293"]
[BlackElo "2628"]
[PlyCount "53"]
[EventDate "2018.10.07"]
[EventType "swiss (blitz)"]
[EventRounds "20"]
[EventCountry "RUS"]
[SourceTitle "CBM 186 Extra"]
[Source "ChessBase"]
[SourceDate "2018.08.24"]
[SourceVersion "1"]
[SourceVersionDate "2018.08.24"]
[SourceQuality "1"]

1. Nf3 c5 2. b3 Nc6 3. Bb2 d5 4. e3 Nf6 5. Bb5 Bd7 6. 0-0 e6 7. d3 Bd6 8. Bxc6 Bxc6 9. Ne5 Rc8 10. Nd2 0-0 11. f4 Qe7 12. Rf3 d4 13. Nxc6 Rxc6 14. exd4 cxd4 15. Nc4 b5 16. Ne5 Rc7 17. Bxd4 Bc5 18. Bf2 Nd5 19. c4 Bxf2+ 20. Rxf2 Ne3 21. Qf3 Nf5 22. Re1 Qc5 23. Kh1 Rd8 24. g3 f6 25. Ng4 Rcd7 26. Rxe6 Nd4 27. Qe4 0-1

[Event "Eforie Nord op"]
[White "Orlinkov, Maxim L"]
[Black "Tusu, Nicolae Dan"]
[Site "Eforie Nord"]
[Round "2"]
[Result "0-1"]
[Date "2014.06.25"]
[WhiteElo "2349"]
[BlackElo "2008"]
[PlyCount "86"]
[EventDate "2014.06.24"]
[EventType "swiss"]
[EventRounds "11"]
[EventCountry "ROU"]
[SourceTitle "CBM 161 Extra"]
[Source "ChessBase"]
[SourceDate "2014.08.29"]
[SourceVersion "1"]
[SourceVersionDate "2014.08.29"]
[SourceQuality "1"]

1. Nf3 f5 2. d3 Nc6 3. e4 e5 4. Nc3 Nf6 5. Bg5 Be7 6. exf5 d5 7. d4 e4 8. Nh4 0-0 9. g3 Ne8 10. Be3 Bxh4 11. gxh4 Bxf5 12. Qh5 Qd7 13. Rg1 Kh8 14. Be2 a6 15. Qg5 Ne7 16. h5 h6 17. Qg3 Be6 18. 0-0-0 b5 19. b3 Nf5 20. Qe5 Nxe3 21. fxe3 Rf5 22. Qg3 Nd6 23. h4 Rf6 24. Rdf1 Raf8 25. Rxf6 Rxf6 26. Qe5 Qf7 27. Kd2 Rf5 28. Qg3 Rf2 29. Ke1 Rf6 30. Kd2 Nf5 31. Qh2 Kh7 32. Rg2 Qd7 33. Rf2 c5 34. Bg4 Nxd4 35. Rxf6 Bxg4 36. exd4 gxf6 37. dxc5 b4 38. Na4 d4 39. Nb6 e3+ 40. Ke1 Qb7 41. Nc4 Bxh5 42. Nb6 Qf3 43. Qc7+ Kg6 0-1

[Event "Eforie Nord op"]
[White "Milea, Florian"]
[Black "Orlinkov, Maxim L"]
[Site "Eforie Nord"]
[Round "1"]
[Result "1-0"]
[Date "2014.06.24"]
[WhiteElo "1840"]
[BlackElo "2349"]
[PlyCount "80"]
[EventDate "2014.06.24"]
[EventType "swiss"]
[EventRounds "11"]
[EventCountry "ROU"]
[SourceTitle "CBM 161 Extra"]
[Source "ChessBase"]
[SourceDate "2014.08.29"]
[SourceVersion "1"]
[SourceVersionDate "2014.08.29"]
[SourceQuality "1"]

1. Nf3 d6 2. d4 Bg4 3. e4 Nf6 4. Nc3 e6 5. Be2 Be7 6. Be3 d5 7. h3 Bh5 8. exd5 Nxd5 9. Nxd5 Qxd5 10. 0-0 0-0 11. c4 Qd6 12. Ne5 Bxe2 13. Qxe2 Nc6 14. c5 Qd5 15. Nf3 Bf6 16. Rfd1 a6 17. Bf4 Rac8 18. Be5 Bxe5 19. Nxe5 Nxd4 20. Qe3 Rcd8 21. c6 bxc6 22. Nxc6 Qxc6 23. Rxd4 Qc2 24. Rad1 Qxd1+ 25. Rxd1 Rxd1+ 26. Kh2 h6 27. Qa7 Rd2 28. Qxc7 Rxb2 29. Qa5 Rxf2 30. Qxa6 Rd8 31. a4 Ra2 32. a5 g6 33. Qa7 Rd5 34. a6 Rda5 35. Qe3 h5 36. Qd4 Rxa6 37. Qf6 Ra8 38. Qe7 Rd2 39. Kg3 Ra5 40. h4 Rc5 1-0

[Event "Moscow-ch act"]
[White "Yarmolenko, Evgeny"]
[Black "Orlinkov, Maxim L"]
[Site "Moscow"]
[Round "2"]
[Result "1-0"]
[Date "2010.10.03"]
[WhiteElo "2240"]
[BlackElo "2364"]
[PlyCount "65"]
[EventDate "2010.10.03"]
[EventType "swiss"]
[EventRounds "9"]
[EventCountry "RUS"]
[SourceTitle "EXT 2012"]
[Source "ChessBase"]
[SourceDate "2011.11.24"]
[SourceVersion "1"]
[SourceVersionDate "2011.11.24"]
[SourceQuality "1"]

1. e4 d5 2. exd5 Qxd5 3. Nc3 Qd6 4. d4 Nf6 5. g3 a6 6. Bg2 Bg4 7. Nge2 Nc6 8. d5 Ne5 9. Bf4 g5 10. Bxg5 Nf3+ 11. Bxf3 Bxf3 12. Bxf6 Qxf6 13. Rg1 Bg7 14. Qd3 0-0-0 15. Nf4 Qb6 16. Qxf3 Qxb2 17. Kd2 e6 18. Rab1 Qa3 19. Rb3 Qa5 20. Rgb1 b5 21. a4 c6 22. axb5 axb5 23. Ke2 exd5 24. Qg4+ Rd7 25. Qxg7 Re8+ 26. Kf1 d4 27. Nce2 Qa4 28. Qxh7 Qc4 29. Qd3 Qc5 30. c3 Rh8 31. cxd4 Qg5 32. h4 Qg4 33. Qf3 1-0

[Event "Moscow op 10"]
[White "Orlinkov, Maxim L"]
[Black "Voit, Daria"]
[Site "Moscow"]
[Round "8"]
[Result "1-0"]
[Date "2009.10.29"]
[WhiteElo "2389"]
[BlackElo "2285"]
[PlyCount "93"]
[EventDate "2009.10.17"]
[EventType "swiss"]
[EventRounds "9"]
[EventCountry "RUS"]
[SourceTitle "EXT 2010"]
[Source "ChessBase"]
[SourceDate "2010.11.25"]
[SourceVersion "1"]
[SourceVersionDate "2010.11.25"]
[SourceQuality "1"]

1. Nf3 d5 2. g3 Nf6 3. Bg2 e6 4. 0-0 Be7 5. b3 0-0 6. Bb2 b6 7. c4 c6 8. d3 Bb7 9. e3 Nbd7 10. Qe2 Qc7 11. Nc3 e5 12. Rac1 Qb8 13. Bh3 a6 14. d4 e4 15. Ne5 Qd8 16. cxd5 cxd5 17. Na4 b5 18. Nxd7 Nxd7 19. Bxd7 Qxd7 20. Nb6 Qe6 21. Nxa8 Rxa8 22. f4 exf3 23. Qxf3 Bd6 24. Rc2 Re8 25. Bc1 g6 26. Qf6 Qd7 27. Rcf2 Rf8 28. a3 Be7 29. Qf4 f5 30. Rc2 Bd6 31. Qh6 Re8 32. Bd2 Bxa3 33. b4 a5 34. Qf4 Bc6 35. Rb1 Bxb4 36. Bxb4 axb4 37. Rxb4 Ra8 38. Kg2 Qe6 39. h4 Ra6 40. Kh2 h5 41. Rbb2 Qd7 42. Ra2 Rxa2 43. Rxa2 Qb7 44. Qd6 Be8 45. Rc2 Bf7 46. Qd8+ Kg7 47. Rc8 1-0

[Event "Moscow op 10"]
[White "Nikolenko, Oleg"]
[Black "Orlinkov, Maxim L"]
[Site "Moscow"]
[Round "7"]
[Result "1-0"]
[Date "2009.10.27"]
[WhiteElo "2533"]
[BlackElo "2389"]
[PlyCount "99"]
[EventDate "2009.10.17"]
[EventType "swiss"]
[EventRounds "9"]
[EventCountry "RUS"]
[SourceTitle "EXT 2010"]
[Source "ChessBase"]
[SourceDate "2010.11.25"]
[SourceVersion "1"]
[SourceVersionDate "2010.11.25"]
[SourceQuality "1"]

1. e4 g6 2. d4 Bg7 3. Nf3 d6 4. Be2 Nf6 5. Nc3 0-0 6. 0-0 e6 7. e5 dxe5 8. Nxe5 Nfd7 9. Nf3 h6 10. Be3 Nc6 11. Qd2 Kh7 12. Rad1 Nf6 13. Ne5 Ne7 14. Bf4 Ned5 15. Nxd5 exd5 16. Bd3 Ne4 17. Qe3 Nd6 18. Rfe1 Bf5 19. Bxf5 Nxf5 20. Qb3 Qd6 21. g4 g5 22. Qd3 gxf4 23. Qxf5+ Kg8 24. c3 Rae8 25. Qxf4 c5 26. Re3 cxd4 27. cxd4 Re6 28. a3 a5 29. h3 Rf6 30. Qg3 Rc8 31. Rc3 Rxc3 32. Qxc3 Qa6 33. Qc8+ Kh7 34. Qc2+ Kg8 35. Rc1 Rf4 36. Re1 Qe6 37. Qd2 Re4 38. Rxe4 dxe4 39. Qxa5 f6 40. Qd8+ Kh7 41. Qd7 Qb3 42. Qf5+ Kg8 43. Ng6 e3 44. fxe3 Qxe3+ 45. Kg2 Qe2+ 46. Kg3 Qxb2 47. Qe6+ Kh7 48. Ne7 Qxa3+ 49. Kh4 Qa8 50. d5 1-0

[Event "Moscow op 10"]
[White "Pletnev, Evgeniy"]
[Black "Orlinkov, Maxim L"]
[Site "Moscow"]
[Round "3"]
[Result "0-1"]
[Date "2009.10.20"]
[WhiteElo "2243"]
[BlackElo "2389"]
[PlyCount "140"]
[EventDate "2009.10.17"]
[EventType "swiss"]
[EventRounds "9"]
[EventCountry "RUS"]
[SourceTitle "EXT 2010"]
[Source "ChessBase"]
[SourceDate "2010.11.25"]
[SourceVersion "1"]
[SourceVersionDate "2010.11.25"]
[SourceQuality "1"]

1. d4 g6 2. Bg5 Bg7 3. c3 d6 4. e4 Nf6 5. Bd3 e5 6. dxe5 dxe5 7. Nf3 h6 8. Bh4 Nbd7 9. Qe2 0-0 10. Na3 Nc5 11. 0-0-0 Nxd3+ 12. Rxd3 Qe8 13. Bxf6 Bxf6 14. Nc4 Be6 15. Ne3 Qa4 16. Nd5 Bd8 17. b3 Qa3+ 18. Kb1 c6 19. Ne3 Bc7 20. g4 Rfd8 21. Rhd1 Rxd3 22. Rxd3 Qe7 23. h3 b5 24. Qd2 Kh7 25. h4 Qf6 26. Qe2 Qf4 27. Nd2 Rd8 28. Kc2 Bb6 29. f3 Rxd3 30. Kxd3 a5 31. Ndf1 Qf6 32. Ng2 a4 33. Kc2 Qe7 34. Kb2 axb3 35. axb3 Qa7 36. Nge3 b4 37. Nc2 bxc3+ 38. Kxc3 Qa2 39. Nd2 Ba5+ 40. b4 Bb6 41. Qd3 c5 42. Qb5 cxb4+ 43. Nxb4 Ba5 44. Nc4 Qa1+ 45. Kc2 Bd8 46. Qxe5 Qa4+ 47. Kc3 Bxh4 48. Nd5 Qd1 49. f4 Qxg4 50. Nd6 Qd1 51. Ne8 Qa1+ 52. Kd3 Qxe5 53. fxe5 Bg3 54. Kd4 h5 55. Ndc7 Ba2 56. Nf6+ Kg7 57. Nd7 Bf2+ 58. Kd3 h4 59. Ke2 Bg3 60. Kf3 Bb3 61. Kg2 Bd1 62. e6 fxe6 63. Nxe6+ Kh6 64. Nf6 Be5 65. Nd7 Bc3 66. Kh3 g5 67. Kg2 g4 68. Nf4 Bf3+ 69. Kf2 Bd4+ 70. Kf1 h3 0-1

[Event "Moscow op 10"]
[White "Zizlova, Sofia"]
[Black "Orlinkov, Maxim L"]
[Site "Moscow"]
[Round "1"]
[Result "0-1"]
[Date "2009.10.17"]
[WhiteElo "2045"]
[BlackElo "2389"]
[PlyCount "100"]
[EventDate "2009.10.17"]
[EventType "swiss"]
[EventRounds "9"]
[EventCountry "RUS"]
[SourceTitle "EXT 2010"]
[Source "ChessBase"]
[SourceDate "2010.11.25"]
[SourceVersion "1"]
[SourceVersionDate "2010.11.25"]
[SourceQuality "1"]

1. c4 e5 2. Nc3 Nc6 3. g3 f5 4. Bg2 Nf6 5. e3 d5 6. cxd5 Nb4 7. d3 Nfxd5 8. Nxd5 Nxd5 9. Ne2 c6 10. 0-0 Bd6 11. e4 fxe4 12. dxe4 Nf6 13. h3 0-0 14. Qb3+ Kh8 15. Be3 Qe7 16. Rad1 Be6 17. Qc2 Rfd8 18. b3 Bc7 19. Bc5 Qe8 20. Nc3 Qh5 21. Qe2 Qxe2 22. Nxe2 Bb6 23. Bd6 Nd7 24. Be7 Re8 25. Ba3 a5 26. Bb2 a4 27. Nc1 axb3 28. axb3 Rf8 29. Rd6 Rae8 30. Rd2 Rf7 31. Ba3 h5 32. Rc2 Ra8 33. Bb2 Ra5 34. b4 Ra4 35. Nd3 Ra2 36. Nc1 Ra4 37. Nd3 Bc7 38. Ra1 Bb3 39. Rc3 Rxa1+ 40. Bxa1 Ba4 41. Nb2 Bb5 42. Bf1 Bb6 43. Rc2 Bxf1 44. Kxf1 Bd4 45. Kg2 Rf8 46. f3 Ra8 47. Rc1 Ra2 48. Rb1 c5 49. bxc5 Nxc5 50. Kf1 Nb3 0-1

[Event "Moscow op-A"]
[White "Zubarev, Alexander2"]
[Black "Orlinkov, Maxim L"]
[Site "Moscow"]
[Round "7"]
[Result "1-0"]
[Date "2009.02.06"]
[WhiteElo "2566"]
[BlackElo "2385"]
[PlyCount "121"]
[EventDate "2009.01.31"]
[EventType "swiss"]
[EventRounds "9"]
[EventCountry "RUS"]
[SourceTitle "EXT 2023"]
[Source "ChessBase"]
[SourceDate "2022.10.05"]
[SourceVersion "1"]
[SourceVersionDate "2022.10.05"]
[SourceQuality "1"]

1. e4 g6 2. d4 Bg7 3. c4 d6 4. Nc3 e5 5. Nge2 Nc6 6. Be3 Nh6 7. d5 Ne7 8. f3 f5 9. Qd2 Nf7 10. 0-0-0 0-0 11. Kb1 Kh8 12. Rg1 Ng8 13. g4 f4 14. Bf2 Bf6 15. Qe1 Bd7 16. h4 g5 17. h5 Be7 18. Nc1 Nf6 19. Be2 Qb8 20. Rd2 a6 21. Qd1 b6 22. Nd3 Rc8 23. b3 Nd8 24. Rb2 c5 25. dxc6 Nxc6 26. Ne1 Be6 27. Nd5 Bd8 28. Nd3 Nd7 29. N3b4 Nxb4 30. Nxb4 Nf6 31. Rc2 a5 32. Nd5 Nxd5 33. exd5 Bd7 34. Qd3 Bf6 35. Qe4 Re8 36. Bd3 Re7 37. a3 Bc8 38. Rgc1 Rea7 39. Rb2 Kg8 40. Rcc2 Bd8 41. Kc1 Re7 42. Kd2 Raa7 43. Ke2 Qa8 44. Kf1 Rab7 45. Kg2 Ra7 46. Kh2 Bc7 47. Rc3 Bd8 48. Rbc2 Bc7 49. b4 axb4 50. axb4 Ra4 51. c5 bxc5 52. bxc5 dxc5 53. Rc4 Rxc4 54. Bxc4 Bd6 55. Bxc5 Qb8 56. Ra2 Rb7 57. Bxd6 Qxd6 58. Ra8 Qc5 59. Rxc8+ Qxc8 60. d6+ Kf8 61. Qd5 1-0

[Event "Moscow op-A"]
[White "Vasiukov, Evgeni"]
[Black "Orlinkov, Maxim L"]
[Site "Moscow"]
[Round "5"]
[Result "0-1"]
[Date "2009.02.04"]
[WhiteElo "2515"]
[BlackElo "2385"]
[PlyCount "80"]
[EventDate "2009.01.31"]
[EventType "swiss"]
[EventRounds "9"]
[EventCountry "RUS"]
[SourceTitle "EXT 2022"]
[Source "ChessBase"]
[SourceDate "2021.10.06"]
[SourceVersion "1"]
[SourceVersionDate "2021.10.06"]
[SourceQuality "1"]

1. e4 g6 2. d4 Bg7 3. Nc3 d6 4. Be3 a6 5. a4 b6 6. g4 c5 7. d5 Ra7 8. Ra3 Nf6 9. h3 0-0 10. Nge2 e6 11. Bg2 exd5 12. exd5 Re8 13. Qd2 Rae7 14. 0-0 Rxe3 15. fxe3 Bh6 16. Nf4 Qe7 17. Nd1 Nbd7 18. Qf2 Bg5 19. Nd3 h5 20. gxh5 Nxh5 21. c4 Bh4 22. Qc2 Ndf6 23. b4 Bf5 24. bxc5 bxc5 25. Qb2 Ne4 26. Rb3 Bf6 27. Qa2 Qd7 28. Nf4 Nhg3 29. Rf3 Be5 30. Nf2 Qe7 31. N2d3 Bg7 32. Ne2 Qg5 33. Nxg3 Nxg3 34. Qf2 Ne4 35. Qe1 Qe7 36. a5 Bf6 37. Nf4 Bh4 38. Qe2 g5 39. Nd3 Bg6 40. Qb2 g4 0-1

[Event "Moscow op-A 04th"]
[White "Orlinkov, Maxim L"]
[Black "Maslak, Konstantin"]
[Site "Moscow"]
[Round "5"]
[Result "0-1"]
[Date "2008.02.06"]
[WhiteElo "2384"]
[BlackElo "2510"]
[PlyCount "78"]
[EventDate "2008.02.02"]
[EventType "swiss"]
[EventRounds "9"]
[EventCountry "RUS"]
[SourceTitle "CBM 122 Extra"]
[Source "ChessBase"]
[SourceDate "2008.03.04"]
[SourceVersion "1"]
[SourceVersionDate "2008.03.04"]
[SourceQuality "1"]

1. d4 Nf6 2. c4 g6 3. Nc3 Bg7 4. Nf3 0-0 5. Bg5 c5 6. e3 cxd4 7. exd4 d5 8. Bxf6 Bxf6 9. cxd5 e6 10. dxe6 Bxe6 11. Be2 Nc6 12. 0-0 Nxd4 13. Nxd4 Qxd4 14. Bf3 Rad8 15. Qxd4 Rxd4 16. Ne4 Be7 17. Rfc1 Rc8 18. Rxc8+ Bxc8 19. Rc1 Bf5 20. Ng3 Be6 21. a3 Rd2 22. b4 b6 23. Rc7 Rd7 24. Rxd7 Bxd7 25. Bd1 f5 26. Ne2 Kf7 27. Nd4 Bf6 28. Bb3+ Ke7 29. Nf3 b5 30. Ne1 Bb2 31. Nd3 Bxa3 32. Kf1 Be6 33. Bxe6 Kxe6 34. Ke2 Kd5 35. Kd2 Kc4 36. Ne5+ Kxb4 37. Nc6+ Kc5 38. Nxa7 Kb6 39. Nc8+ Kb7 0-1

[Event "Dubna op"]
[White "Konovalov, Nikolay"]
[Black "Orlinkov, Maxim L"]
[Site "Dubna"]
[Round "11"]
[Result "1/2-1/2"]
[Date "2007.08.10"]
[WhiteElo "2431"]
[BlackElo "2388"]
[PlyCount "21"]
[EventDate "2007.08.02"]
[EventType "swiss"]
[EventRounds "14"]
[EventCountry "RUS"]
[SourceTitle "EXT 2008"]
[Source "ChessBase"]
[SourceDate "2007.11.25"]
[SourceVersion "1"]
[SourceVersionDate "2007.11.25"]
[SourceQuality "1"]

1. d4 g6 2. c4 Bg7 3. Nc3 d6 4. Nf3 Nf6 5. e4 0-0 6. Be2 e5 7. dxe5 dxe5 8. Qxd8 Rxd8 9. Nd5 Nxd5 10. cxd5 c6 11. Bc4 1/2-1/2

[Event "Dubna op"]
[White "Orlinkov, Maxim L"]
[Black "Veliev, Gasan"]
[Site "Dubna"]
[Round "9"]
[Result "1-0"]
[Date "2007.08.08"]
[WhiteElo "2388"]
[BlackElo "2241"]
[PlyCount "85"]
[EventDate "2007.08.02"]
[EventType "swiss"]
[EventRounds "14"]
[EventCountry "RUS"]
[SourceTitle "EXT 2008"]
[Source "ChessBase"]
[SourceDate "2007.11.25"]
[SourceVersion "1"]
[SourceVersionDate "2007.11.25"]
[SourceQuality "1"]

1. d4 d5 2. Nf3 Bf5 3. c4 e6 4. Nc3 c6 5. Qb3 Qb6 6. c5 Qc7 7. Bf4 Qc8 8. e3 Nd7 9. Qd1 Ngf6 10. b4 a6 11. h3 Be7 12. Be2 Ne4 13. Nxe4 Bxe4 14. 0-0 h6 15. a4 f6 16. Nd2 Bh7 17. Qb3 0-0 18. e4 Kh8 19. exd5 cxd5 20. Rac1 g5 21. Bh2 Bg8 22. f4 f5 23. Nf3 Bf7 24. b5 axb5 25. Bxb5 Nb8 26. Qe3 Qd8 27. Ne5 Be8 28. g4 Kg7 29. Rb1 Nc6 30. Bxc6 bxc6 31. Rb7 Kg8 32. Nxc6 Bxc6 33. Qxe6+ Rf7 34. Qxc6 Bf6 35. Rxf7 Bxd4+ 36. Kh1 Kxf7 37. fxg5 hxg5 38. Rxf5+ Kg7 39. Qb7+ Kh6 40. Rxd5 Qh8 41. Rd6+ Bf6 42. Qf7 Rf8 43. Qh5+ 1-0

[Event "Dubna op"]
[White "Bezgodova, Maria"]
[Black "Orlinkov, Maxim L"]
[Site "Dubna"]
[Round "4"]
[Result "1/2-1/2"]
[Date "2007.08.06"]
[WhiteElo "1999"]
[BlackElo "2388"]
[PlyCount "42"]
[EventDate "2007.08.02"]
[EventType "swiss"]
[EventRounds "14"]
[EventCountry "RUS"]
[SourceTitle "EXT 2008"]
[Source "ChessBase"]
[SourceDate "2007.11.25"]
[SourceVersion "1"]
[SourceVersionDate "2007.11.25"]
[SourceQuality "1"]

1. e4 Nf6 2. d3 e5 3. Nf3 Nc6 4. Be2 d5 5. Nbd2 Bc5 6. 0-0 0-0 7. c3 a5 8. a4 Ba7 9. Qc2 Re8 10. exd5 Nxd5 11. Nc4 h6 12. Re1 Qf6 13. Qb3 Nf4 14. Bxf4 Qxf4 15. Bf1 Rb8 16. Re4 Qf6 17. d4 Bf5 18. dxe5 Qe7 19. Ree1 Qc5 20. Re2 Bd3 21. Rd2 Be4 1/2-1/2

[Event "Dubna op"]
[White "Orlinkov, Maxim L"]
[Black "Lebedev, Alexander1"]
[Site "Dubna"]
[Round "5"]
[Result "1/2-1/2"]
[Date "2007.08.06"]
[WhiteElo "2388"]
[BlackElo "2266"]
[PlyCount "51"]
[EventDate "2007.08.02"]
[EventType "swiss"]
[EventRounds "14"]
[EventCountry "RUS"]
[SourceTitle "EXT 2008"]
[Source "ChessBase"]
[SourceDate "2007.11.25"]
[SourceVersion "1"]
[SourceVersionDate "2007.11.25"]
[SourceQuality "1"]

1. c4 e6 2. Nf3 d5 3. g3 Nf6 4. Bg2 Be7 5. 0-0 0-0 6. b3 b6 7. Bb2 Bb7 8. e3 Nbd7 9. Nc3 Rc8 10. d3 c5 11. Qe2 Qc7 12. e4 d4 13. Nb1 Ne8 14. Nbd2 e5 15. h4 a6 16. Nh2 b5 17. h5 bxc4 18. Nxc4 Nd6 19. Nxd6 Qxd6 20. Bc1 f5 21. exf5 Bxg2 22. Kxg2 Rxf5 23. h6 g6 24. Ng4 Rcf8 25. f3 Qd5 26. Bd2 1/2-1/2

[Event "Moscow Bronstein Memorial op"]
[White "Orlinkov, Maxim L"]
[Black "Krylov, Mikhail"]
[Site "Moscow"]
[Round "7"]
[Result "1/2-1/2"]
[Date "2007.03.??"]
[WhiteElo "2377"]
[BlackElo "2408"]
[PlyCount "75"]
[EventDate "2007.02.28"]
[EventType "swiss"]
[EventRounds "7"]
[EventCountry "RUS"]
[SourceTitle "EXT 2022"]
[Source "ChessBase"]
[SourceDate "2021.10.06"]
[SourceVersion "1"]
[SourceVersionDate "2021.10.06"]
[SourceQuality "1"]

1. e4 g6 2. d4 Bg7 3. Nc3 d6 4. f4 a6 5. Nf3 e6 6. Bd3 Ne7 7. 0-0 0-0 8. Be3 b5 9. a4 b4 10. Ne2 Nd7 11. f5 exf5 12. exf5 Nf6 13. Ng3 Ng4 14. Bg5 h6 15. Bd2 Bb7 16. h3 Bxf3 17. Qxf3 Bxd4+ 18. Kh1 Ne5 19. Qf4 Bxb2 20. Qxh6 Nxd3 21. f6 Nf5 22. Nxf5 Qxf6 23. Bg5 Qxf5 24. Rxf5 Bxa1 25. Bf6 Bxf6 26. Rxf6 Ne5 27. Rf4 f6 28. Rh4 Kf7 29. Qh7+ Ke6 30. Rxb4 Rac8 31. Qh4 Rb8 32. Qe1 f5 33. Qe3 Kd7 34. a5 f4 35. Qb3 Rxb4 36. Qxb4 Rf5 37. Qb7 Nc6 38. Qxa6 1/2-1/2

[Event "Moscow op 03rd"]
[White "Gabrielian, Artur"]
[Black "Orlinkov, Maxim L"]
[Site "Moscow"]
[Round "8"]
[Result "1/2-1/2"]
[Date "2007.02.03"]
[WhiteElo "2521"]
[BlackElo "2377"]
[PlyCount "51"]
[EventDate "2007.01.27"]
[EventType "swiss"]
[EventRounds "9"]
[EventCountry "RUS"]
[SourceTitle "CBM 116 Extra"]
[Source "ChessBase"]
[SourceDate "2007.03.07"]
[SourceVersion "1"]
[SourceVersionDate "2007.03.07"]
[SourceQuality "1"]

1. e4 e5 2. Nf3 d6 3. d4 exd4 4. Nxd4 Nf6 5. Nc3 Be7 6. Bf4 0-0 7. Qd2 d5 8. Ndb5 c6 9. Nc7 d4 10. Ne2 g5 11. Be5 Nbd7 12. Bxf6 Nxf6 13. Qxg5+ Kh8 14. Nxa8 Re8 15. Rd1 Nxe4 16. Qe5+ Bf6 17. Qh5 Bg4 18. Qxf7 Qxa8 19. h3 Be6 20. Qc7 Bd5 21. h4 Bd8 22. Qf4 Ba5+ 23. c3 dxc3 24. bxc3 Nxc3 25. Qf6+ Kg8 26. Qg5+ 1/2-1/2

[Event "Moscow op 03rd"]
[White "Orlinkov, Maxim L"]
[Black "Tunik, Gennady"]
[Site "Moscow"]
[Round "7"]
[Result "1-0"]
[Date "2007.02.02"]
[WhiteElo "2377"]
[BlackElo "2475"]
[PlyCount "95"]
[EventDate "2007.01.27"]
[EventType "swiss"]
[EventRounds "9"]
[EventCountry "RUS"]
[SourceTitle "CBM 116 Extra"]
[Source "ChessBase"]
[SourceDate "2007.03.07"]
[SourceVersion "1"]
[SourceVersionDate "2007.03.07"]
[SourceQuality "1"]

1. d4 Nf6 2. c4 e6 3. g3 c5 4. d5 exd5 5. cxd5 b5 6. f3 d6 7. e4 a6 8. a4 bxa4 9. Qxa4+ Nfd7 10. Na3 Be7 11. Nc4 0-0 12. Qa5 Qxa5+ 13. Rxa5 f6 14. Ra3 Ra7 15. Bd2 Rb7 16. f4 Re8 17. Bh3 Nb6 18. Bxc8 Nxc8 19. Kf2 Bf8 20. Re3 Nb6 21. Nxb6 Rxb6 22. Bc3 Nd7 23. Nf3 Rb5 24. Ra1 Ra8 25. Nd2 Nb6 26. g4 Kf7 27. h4 g6 28. Rh3 h5 29. Rg3 hxg4 30. Rxg4 f5 31. exf5 gxf5 32. Rg5 Nxd5 33. Re1 Ne7 34. Nc4 Rd8 35. Rh5 d5 36. Ba5 Rxa5 37. Nxa5 Rd7 38. Rg1 c4 39. Rh7+ Ke6 40. Nc6 Kd6 41. Nxe7 Bxe7 42. Rg6+ Kc7 43. Ke2 a5 44. Rgg7 Kd6 45. Kd1 Rb7 46. Kc1 d4 47. h5 d3 48. h6 1-0

[Event "Moscow op 03rd"]
[White "Airapetian, Tatevik"]
[Black "Orlinkov, Maxim L"]
[Site "Moscow"]
[Round "4"]
[Result "0-1"]
[Date "2007.01.30"]
[WhiteElo "2245"]
[BlackElo "2377"]
[PlyCount "56"]
[EventDate "2007.01.27"]
[EventType "swiss"]
[EventRounds "9"]
[EventCountry "RUS"]
[SourceTitle "CBM 116 Extra"]
[Source "ChessBase"]
[SourceDate "2007.03.07"]
[SourceVersion "1"]
[SourceVersionDate "2007.03.07"]
[SourceQuality "1"]

1. e4 e5 2. Nf3 d6 3. d4 exd4 4. Nxd4 Nf6 5. Nc3 Be7 6. Be2 0-0 7. 0-0 c5 8. Nb3 Nc6 9. f4 a6 10. Bf3 Be6 11. Be3 Rc8 12. Qe1 Nb4 13. Rf2 Re8 14. Rd1 Qc7 15. Nc1 Ng4 16. Bxg4 Bxg4 17. Rdd2 Bh4 18. g3 Bf6 19. N1e2 d5 20. Nxd5 Nxd5 21. Rxd5 Rxe4 22. Rxc5 Qe7 23. Rxc8+ Bxc8 24. Bb6 Bg4 25. Kf1 Qe6 26. Ba7 b6 27. c3 Qc6 28. Qd2 Re7 0-1

[Event "Moscow Aeroflot op-B"]
[White "Orlinkov, Maxim L"]
[Black "Harutjunyan, Gevorg"]
[Site "Moscow"]
[Round "8"]
[Result "1-0"]
[Date "2006.02.14"]
[WhiteElo "2388"]
[BlackElo "2417"]
[PlyCount "47"]
[EventDate "2006.02.07"]
[EventType "swiss"]
[EventRounds "9"]
[EventCountry "RUS"]
[SourceTitle "EXT 2007"]
[Source "ChessBase"]
[SourceDate "2006.11.23"]
[SourceVersion "1"]
[SourceVersionDate "2006.11.23"]
[SourceQuality "1"]

1. d4 Nf6 2. Nc3 g6 3. e4 d6 4. f4 Bg7 5. Nf3 0-0 6. Bd3 Nc6 7. Be3 e5 8. fxe5 dxe5 9. dxe5 Ng4 10. Bg5 Qe8 11. Nd5 h6 12. Bf6 Bxf6 13. exf6 Qd8 14. Qd2 Nxf6 15. 0-0 Kg7 16. Qc3 Be6 17. Bc4 Bxd5 18. exd5 Nb8 19. Ne5 Kh7 20. d6 Ne4 21. Nxf7 Qh4 22. Qe3 Nf6 23. Ng5+ Kh8 24. Rxf6 1-0

[Event "Moscow Aeroflot op-B"]
[White "Orlinkov, Maxim L"]
[Black "Zhao, Xue"]
[Site "Moscow"]
[Round "6"]
[Result "1-0"]
[Date "2006.02.12"]
[WhiteElo "2388"]
[BlackElo "2423"]
[PlyCount "79"]
[EventDate "2006.02.07"]
[EventType "swiss"]
[EventRounds "9"]
[EventCountry "RUS"]
[SourceTitle "EXT 2007"]
[Source "ChessBase"]
[SourceDate "2006.11.23"]
[SourceVersion "1"]
[SourceVersionDate "2006.11.23"]
[SourceQuality "1"]

1. d4 Nf6 2. c4 e6 3. g3 d5 4. Bg2 Be7 5. Nf3 0-0 6. 0-0 dxc4 7. Qc2 a6 8. a4 Bd7 9. Qxc4 Bc6 10. Bg5 Bd5 11. Qd3 c5 12. Nc3 Bc6 13. Rfd1 Qa5 14. e4 cxd4 15. Qxd4 Bc5 16. Qc4 Ng4 17. Rf1 Nd7 18. Qe2 Nge5 19. Nxe5 Nxe5 20. Bd2 Qb6 21. Rab1 a5 22. Nd5 exd5 23. exd5 Bxa4 24. Qxe5 Bb5 25. Bc3 f6 26. Qe6+ Qxe6 27. dxe6 Bxf1 28. Kxf1 Ra7 29. Rd1 b6 30. Bc6 Rb8 31. f4 Kf8 32. f5 Ke7 33. g4 Rd8 34. Bd7 a4 35. g5 Rf8 36. gxf6+ gxf6 37. Rd3 a3 38. bxa3 Rxa3 39. Bb5 Bd6 40. Rxd6 1-0